Estatísticas para Maiores cidades da R. A. dos Açores

Clique aqui para jogar o quiz

Estatísticas Gerais

  • Esse quiz foi jogado 42 vezes
  • A pontuação média é 5 de 6

Estatísticas das Respostas

PopulaçãoResposta% Correto
21 200Angra do Heroísmo
100%
8 800Horta
100%
46 102Ponta Delgada
100%
12 967Ribeira Grande
89%
6 660Praia da Vitória
85%
9 000Lagoa
74%

Distribuição das Pontuações

Percentil de Números Respondidos

Porcentagem de Pessoas com Cada Pontuação

Sua Pontuação Histórica

Você não jogou esse quiz